000
00209nam a22000857a 4500
008
170202b xxu||||| |||| 00| 0 eng d
100
_9
2741
_a
CCE
245
_a
Interact in English-X
260
_a
New Delhi
_b
Frank
_c
2010
999
_c
5917
_d
5917